Lean development and innovation : hitting the market with the right products at the right time /

Bibliographic Details
Main Author: Attolico, Luciano (Author)
Corporate Author: Taylor & Francis
Format: eBook
Language:English
Published: New York, NY : Routledge, 2019.
Subjects:
Online Access:Connect to the full text of this electronic book

MARC

Tag First Indicator Second Indicator Subfields
LEADER 00000cam a2200000Ii 4500
001 in00003992221
005 20190416184431.0
006 m o d
007 cr unu||||||||
008 181022s2019 nyua ob 001 0 eng d
020 |z 9781138481817 
020 |z 9781138481831 
020 |a 9781351059596 
020 |a 1351059599 
020 |a 9781351059572 
020 |a 1351059572 
024 8 |a 40028575131 
035 |a (NhCcYBP)ybp15697643 
037 |a CL0500000999  |b Safari Books Online 
040 |a NhCcYBP  |c NhCcYBP  |d UtOrBLW 
050 4 |a TS170  |b .A77 2019 
100 1 |a Attolico, Luciano,  |e author.  |0 http://id.loc.gov/authorities/names/n2018025637 
245 1 0 |a Lean development and innovation :  |b hitting the market with the right products at the right time /  |c by Luciano Attolico. 
264 1 |a New York, NY :  |b Routledge,  |c 2019. 
300 |a 1 online resource. 
336 |a text  |b txt  |2 rdacontent 
337 |a computer  |b c  |2 rdamedia 
338 |a online resource  |b cr  |2 rdacarrier 
588 |a Description based on print version record. 
500 |a "A Productivity Press book"--Cover. 
504 |a Includes bibliographical references and index. 
500 |a Electronic resource. 
650 0 |a New products.  |0 http://id.loc.gov/authorities/subjects/sh85091388 
650 0 |a Lean manufacturing.  |0 http://id.loc.gov/authorities/subjects/sh2008007591 
650 0 |a Technological innovations.  |0 http://id.loc.gov/authorities/subjects/sh85133143 
655 7 |a Electronic books.  |2 local 
710 2 |a Taylor & Francis.  |0 http://id.loc.gov/authorities/names/n84073022 
776 1 8 |i Print version:  |a Attolico, Luciano.  |t Lean development and innovation.  |d New York, NY : Routledge, 2018  |z 9781138481817  |w (DLC) 2018021197 
856 4 0 |u http://proxy.library.tamu.edu/login?url=https://www.taylorfrancis.com/books/9781351059596  |z Connect to the full text of this electronic book  |t 0 
955 |a YBP purchased approval e-records 
980 |b 165.00  |g 1 
999 f f |s 99f9b170-bb8f-356d-8b7f-8c2b257d3a7a  |i bfbb90b9-899a-3110-98c4-f8245399040d  |t 0 
952 f f |a Texas A&M University  |b College Station  |c Electronic Resources  |d Available Online  |t 0  |e TS170 .A77 2019  |h Library of Congress classification 
998 f f |a TS170 .A77 2019  |t 0  |l Available Online